<?xml version="1.0" encoding="UTF-8"?>
<record
    xmlns:xsi="http://www.w3.org/2001/XMLSchema-instance"
    xsi:schemaLocation="http://www.loc.gov/MARC21/slim http://www.loc.gov/standards/marcxml/schema/MARC21slim.xsd"
    xmlns="http://www.loc.gov/MARC21/slim">

  <leader>00623nam a22001697a 4500</leader>
  <controlfield tag="003">SGT</controlfield>
  <datafield tag="020" ind1=" " ind2=" ">
    <subfield code="a">9789351403999</subfield>
  </datafield>
  <datafield tag="082" ind1=" " ind2=" ">
    <subfield code="a">530.124, PRA </subfield>
  </datafield>
  <datafield tag="100" ind1=" " ind2=" ">
    <subfield code="a">PRAKASH, SATYA </subfield>
  </datafield>
  <datafield tag="245" ind1=" " ind2=" ">
    <subfield code="a">OSCILLATIONS AND WAVES </subfield>
  </datafield>
  <datafield tag="250" ind1=" " ind2=" ">
    <subfield code="a">9TH </subfield>
  </datafield>
  <datafield tag="260" ind1=" " ind2=" ">
    <subfield code="a">NEW DELHI </subfield>
    <subfield code="b">PRAGATI </subfield>
    <subfield code="c">2016</subfield>
  </datafield>
  <datafield tag="300" ind1=" " ind2=" ">
    <subfield code="a">532</subfield>
  </datafield>
  <datafield tag="650" ind1=" " ind2=" ">
    <subfield code="a">PHYSICS &amp; WAVES MECHANICS </subfield>
  </datafield>
  <datafield tag="653" ind1=" " ind2=" ">
    <subfield code="a">FREE OSCILLATIONS IN ONE - DIMENSION : SIMPLE HARMONIC OSCILLATOR, DAMPED HARMONIC OSCILLATOR, COUPLED OSCILLATOR, FOURIER'S THEOREM, WAVES IN SOLID, LISSAJOUS' FIGURES, DOPPLER'S EFFECT, ELEMENTARY THEORY OF FILTERS, ULTRASONIC , ELECTROMAGNETIC WAVES </subfield>
  </datafield>
  <datafield tag="942" ind1=" " ind2=" ">
    <subfield code="2">ddc</subfield>
    <subfield code="c">FPS</subfield>
  </datafield>
  <datafield tag="952" ind1=" " ind2=" ">
    <subfield code="0">0</subfield>
    <subfield code="1">0</subfield>
    <subfield code="2">ddc</subfield>
    <subfield code="4">0</subfield>
    <subfield code="7">1</subfield>
    <subfield code="a">SSSL</subfield>
    <subfield code="b">SSSL</subfield>
    <subfield code="c">REF</subfield>
    <subfield code="d">2016-06-28</subfield>
    <subfield code="e">AHUJA BOOKS </subfield>
    <subfield code="g">365.00</subfield>
    <subfield code="i">SGTU</subfield>
    <subfield code="o">530.124, PRA</subfield>
    <subfield code="p">PS1563</subfield>
    <subfield code="r">2016-06-28 00:00:00</subfield>
    <subfield code="w">2016-03-19</subfield>
    <subfield code="y">FPS</subfield>
    <subfield code="k">6769</subfield>
  </datafield>
  <datafield tag="952" ind1=" " ind2=" ">
    <subfield code="0">0</subfield>
    <subfield code="1">0</subfield>
    <subfield code="2">ddc</subfield>
    <subfield code="4">0</subfield>
    <subfield code="7">0</subfield>
    <subfield code="a">SSSL</subfield>
    <subfield code="b">SSSL</subfield>
    <subfield code="c">TXT</subfield>
    <subfield code="d">2016-06-28</subfield>
    <subfield code="e">AHUJA BOOKS </subfield>
    <subfield code="g">365.00</subfield>
    <subfield code="i">SGTU</subfield>
    <subfield code="l">16</subfield>
    <subfield code="o">530.124, PRA</subfield>
    <subfield code="p">PS1564</subfield>
    <subfield code="r">2020-01-09 00:00:00</subfield>
    <subfield code="s">2020-01-06</subfield>
    <subfield code="w">2016-03-19</subfield>
    <subfield code="y">FPS</subfield>
    <subfield code="k">6769</subfield>
  </datafield>
  <datafield tag="952" ind1=" " ind2=" ">
    <subfield code="0">0</subfield>
    <subfield code="1">0</subfield>
    <subfield code="2">ddc</subfield>
    <subfield code="4">0</subfield>
    <subfield code="7">0</subfield>
    <subfield code="8">FS</subfield>
    <subfield code="a">SSSL</subfield>
    <subfield code="b">SSSL</subfield>
    <subfield code="c">TXT</subfield>
    <subfield code="d">2016-12-03</subfield>
    <subfield code="e">UNIVERSAL BOOK</subfield>
    <subfield code="g">195.00</subfield>
    <subfield code="i">SGTU</subfield>
    <subfield code="l">12</subfield>
    <subfield code="o">530.124, PRA</subfield>
    <subfield code="p">PS3133</subfield>
    <subfield code="r">2019-04-02 00:00:00</subfield>
    <subfield code="s">2019-03-27</subfield>
    <subfield code="w">2016-10-20</subfield>
    <subfield code="y">FPS</subfield>
    <subfield code="k">377</subfield>
  </datafield>
  <datafield tag="952" ind1=" " ind2=" ">
    <subfield code="0">0</subfield>
    <subfield code="1">0</subfield>
    <subfield code="2">ddc</subfield>
    <subfield code="4">0</subfield>
    <subfield code="7">0</subfield>
    <subfield code="8">FS</subfield>
    <subfield code="a">SSSL</subfield>
    <subfield code="b">SSSL</subfield>
    <subfield code="c">TXT</subfield>
    <subfield code="d">2016-12-03</subfield>
    <subfield code="e">UNIVERSAL BOOK</subfield>
    <subfield code="g">195.00</subfield>
    <subfield code="i">SGTU</subfield>
    <subfield code="l">17</subfield>
    <subfield code="o">530.124, PRA</subfield>
    <subfield code="p">PS3134</subfield>
    <subfield code="r">2019-05-17 00:00:00</subfield>
    <subfield code="s">2019-05-06</subfield>
    <subfield code="w">2016-10-20</subfield>
    <subfield code="y">FPS</subfield>
    <subfield code="k">377</subfield>
  </datafield>
  <datafield tag="952" ind1=" " ind2=" ">
    <subfield code="0">0</subfield>
    <subfield code="1">0</subfield>
    <subfield code="2">ddc</subfield>
    <subfield code="4">0</subfield>
    <subfield code="7">0</subfield>
    <subfield code="8">FS</subfield>
    <subfield code="a">SSSL</subfield>
    <subfield code="b">SSSL</subfield>
    <subfield code="c">TXT</subfield>
    <subfield code="d">2016-12-03</subfield>
    <subfield code="e">UNIVERSAL BOOK</subfield>
    <subfield code="g">195.00</subfield>
    <subfield code="i">SGTU</subfield>
    <subfield code="l">17</subfield>
    <subfield code="o">530.124, PRA</subfield>
    <subfield code="p">PS3135</subfield>
    <subfield code="r">2019-11-22 00:00:00</subfield>
    <subfield code="s">2019-11-15</subfield>
    <subfield code="w">2016-10-20</subfield>
    <subfield code="y">FPS</subfield>
    <subfield code="k">377</subfield>
  </datafield>
  <datafield tag="999" ind1=" " ind2=" ">
    <subfield code="c">9299</subfield>
    <subfield code="d">9299</subfield>
  </datafield>
</record>
